书目信息 |
| 题名: |
走进印第安文明
|
|
| 作者: | 宋瑞芝 著 ;杨巨平 , 张晓萌 主编 | |
| 分册: | ||
| 出版信息: | 北京 民主与建设出版社 2001.05 |
|
| 页数: | 181页 | |
| 开本: | 21cm | |
| 丛书名: | 人类文明系列 | |
| 单 册: | ||
| 中图分类: | K708 , K708 | |
| 科图分类: | ||
| 主题词: | 民族历史 , 美洲--历史 | |
| 电子资源: | ||
| ISBN: | 7-80112-423-5 | |
| 000 | 00883nam2 2200313 45 | |
| 001 | 012003000000 | |
| 005 | 20041110153328.49 | |
| 010 | @a7-80112-423-5@dCNY 14.00 | |
| 100 | @a20031219d2001 em y0chiy0121 ea | |
| 101 | 0 | @achi |
| 102 | @aCN@b110000 | |
| 105 | @ay z 000yy | |
| 200 | 1 | @a走进印第安文明@Azou jin yin di an wen ming@f宋瑞芝著 |
| 205 | @a第2版 | |
| 210 | @a北京@c民主与建设出版社@d2001.05 | |
| 215 | @a181页@d21cm | |
| 225 | 2 | @a人类文明系列@f杨巨平, 张晓萌主编 |
| 310 | @a本套书共十册, 总定价为¥140.00 | |
| 410 | 0 | @12001 @a人类文明系列 |
| 606 | 0 | @a民族历史 |
| 606 | 0 | @a美洲@x历史 |
| 607 | 0 | @a美洲印第安人@x民族历史 |
| 690 | @aK708@v4 | |
| 690 | @aK708@v3 | |
| 701 | 0 | @a宋瑞芝@Asong rui zhi@4著 |
| 702 | 0 | @a杨巨平@Ayang ju ping@4主编 |
| 702 | 0 | @a张晓萌@Azhang xiao meng@4主编 |
| 801 | 0 | @aCN@bQSSKt@c20041110 |
| 905 | @dK708@eS779 | |
| 走进印第安文明/宋瑞芝著.-第2版.-北京:民主与建设出版社,2001.05 |
| 181页;21cm.-(人类文明系列/杨巨平, 张晓萌主编) |
| ISBN 7-80112-423-5:CNY 14.00 |
| ● |
| 相关链接 |
|
|
|
正题名:走进印第安文明
索取号:K708/S779
 
预约/预借
| 序号 | 登录号 | 条形码 | 馆藏地/架位号 | 状态 | 备注 |
| 1 | 388470 | 203884706 | 自科二线404/400A自科库 18排1列1层/ [索取号:K708/S779] | 在馆 | |
| 2 | 388471 | 203884715 | 社科库309/309社科库 41排2列5层/ [索取号:K708/S779] | 在馆 | |
| 3 | 388472 | 203884724 | 自科二线404/309社科库 44排4列3层/ [索取号:K708/S779] | 在馆 | |
| 4 | 426621 | 204266212 | 自科二线404/309社科库 44排4列3层/ [索取号:K708/S779] | 在馆 | |
| 5 | 426622 | 204266221 | 社科库309/309社科库 41排2列5层/ [索取号:K708/S779] | 在馆 | |
| 6 | 426623 | 204266230 | 自科二线404/309社科库 44排4列3层/ [索取号:K708/S779] | 在馆 |